000
00291nam a22001337a 4500
008
171219b xxu||||| |||| 00| 0 eng d
020
_a
0538337109
041
_a
eng
080
_a
621
100
_a
26
101
_a
MEK
245
_a
Introductory Metal Working
_c
Morrisey
942
_2
udc
_c
BK
999
_c
39161
_d
39161